000 01754nam2a22002531 4500
001 RU\NLR\INFOCOMM20\5000037337
005 20250617032403.0
035 _a(NLR Aleph) 002412687
090 _a1830559
_c1830559
100 _a20050202d1959 |||y0rusy50 ca
101 0 _arus
102 _aRU
105 _ay ||||000|y
200 1 _aОпределение динамических характеристик замкнутой системы по записям сигналов в условиях нормальной работы
_fР.А. Вудров
210 _d1959
_aБ. м.
461 0 _1001RU\NLR\INFOCOMM20\5000036952
_12001#$aИнформация о зарубежной технике$fГлавниипроект при Госплане СССР. Центр. науч.-исслед. ин-т комплексной автоматизации. Центр. бюро техн. информации приборостроения и средств автоматизации$v1959, №16
_91823676
_aЦентральное бюро технической информации приборостроения и средств автоматизации (Москва)
_cМ.
_d1958-1960
_fГлавниипроект при Госплане СССР. Центр. науч.-исслед. ин-т комплексной автоматизации. Центр. бюро техн. информации приборостроения и средств автоматизации
_tИнформация о зарубежной технике
_v1959, №16
700 1 _aВудров
_bР.А.
_4070
801 1 _aRU
_bInfoComm
_c20050205
801 0 _aRU
_bNLR
_gPSBO
852 _aNLR
_jП11/1753
942 _cISSUE
980 _aNB
980 _aRUSPER